Marcatori della Juventus in UEFA Champions League 2015-2016 - Statistics

Statistiche generali
  • Questo quiz è stato fatto 46 volte
  • Il punteggio medio è 8 su 10
Statistiche sulle risposte
Partita Minuto Marcatore % Corretto
Manchester City - Juventus 1-2 81' Álvaro Morata
100%
Juventus - Siviglia 2-0 41' Álvaro Morata
100%
Juventus - Bayern Monaco 2-2 63' Paulo Dybala
95%
Bayern Monaco - Juventus 4-2 (d.t.s.) 28' Juan Cuadrado
93%
Bayern Monaco - Juventus 4-2 (d.t.s.) 5' Paul Pogba
88%
Manchester City - Juventus 1-2 70' Mario Mandžukić
84%
Juventus - Manchester City 1-0 18' Mario Mandžukić
84%
Juventus - Bayern Monaco 2-2 76' Stefano Sturaro
79%
Borussia Mönchengladbach - Juventus 1-1 44' Stephan Lichtsteiner
51%
Juventus - Siviglia 2-0 87' Simone Zaza
28%
Nessun quiz corrispondente trovato
Distribuzione punteggi
Percentuale di utenti per punteggio
Percentile per numero di risposta
I tuoi punteggi nel tempo
Non hai fatto questo quiz